[Event "Amsterdam Science Park op-A 3rd"]
[Site "Amsterdam"]
[Date "2013.07.08"]
[Round "3"]
[White "Vos, Tjark"]
[Black "Van den Berg, Harmen"]
[Result "1-0"]
[WhiteElo "2034"]
[BlackElo "2176"]
[PlyCount "53"]
[EventDate "2013.07.06"]
[EventType "swiss"]
[EventRounds "9"]
[EventCountry "NED"]
[SourceTitle "CBM 155 Extra"]
[Source "ChessBase"]
[SourceDate "2013.08.26"]
[SourceVersion "1"]
[SourceVersionDate "2013.08.26"]
[SourceQuality "1"]

1. e4 c5 2. Nf3 e6 3. d4 cxd4 4. Nxd4 Nf6 5. Nc3 d6 6. g4 e5 7. Bb5+ Bd7 8. Bxd7+ Qxd7 9. Nf5 h5 10. gxh5 Nxh5 11. Bh6 g6 12. Bxf8 gxf5 13. Bxd6 Nc6 14. Bc5 Nd4 15. Bxd4 exd4 16. Nd5 0-0-0 17. Qxd4 Kb8 18. 0-0-0 fxe4 19. Qxe4 Rde8 20. Qf3 Qa4 21. Kb1 Rc8 22. Rd2 Qa5 23. Rhd1 f6 24. Nxf6 Nxf6 25. Qxf6 Rxh2 26. Rd8 Rh7 27. Qf4+ 1-0

[Event "Amsterdam Science Park op-A 1st"]
[Site "Amsterdam"]
[Date "2011.07.14"]
[Round "6"]
[White "Van den Berg, Harmen"]
[Black "Vogel, Jaap"]
[Result "1/2-1/2"]
[WhiteElo "2136"]
[BlackElo "2221"]
[PlyCount "64"]
[EventDate "2011.07.09"]
[EventType "swiss"]
[EventRounds "9"]
[EventCountry "NED"]
[SourceTitle "CBM 143 Extra"]
[Source "ChessBase"]
[SourceDate "2011.08.29"]
[SourceVersion "1"]
[SourceVersionDate "2011.08.29"]
[SourceQuality "1"]

1. e4 e6 2. Nf3 d5 3. e5 c5 4. b4 c4 5. c3 a5 6. b5 Nd7 7. d4 cxd3 8. Bxd3 f6 9. Qe2 fxe5 10. Nxe5 Nxe5 11. Qxe5 Nf6 12. Bg5 Bd6 13. Qe2 0-0 14. 0-0 Qc7 15. h3 h6 16. Bc1 e5 17. Bb2 a4 18. c4 a3 19. Bc3 d4 20. Be1 e4 21. Bxe4 Nxe4 22. Qxe4 Qxc4 23. Nd2 Qxb5 24. Rb1 Qe5 25. Qxe5 Bxe5 26. Nc4 Bf6 27. Bb4 Rd8 28. Rfd1 Ra6 29. Ba5 Rf8 30. Bb4 Rd8 31. Ba5 Rf8 32. Bb4 Rd8 1/2-1/2

[Event "Amsterdam Science Park op-A 1st"]
[Site "Amsterdam"]
[Date "2011.07.12"]
[Round "4"]
[White "Haria, Ravi"]
[Black "Van den Berg, Harmen"]
[Result "1-0"]
[WhiteElo "2073"]
[BlackElo "2136"]
[PlyCount "67"]
[EventDate "2011.07.09"]
[EventType "swiss"]
[EventRounds "9"]
[EventCountry "NED"]
[SourceTitle "CBM 143 Extra"]
[Source "ChessBase"]
[SourceDate "2011.08.29"]
[SourceVersion "1"]
[SourceVersionDate "2011.08.29"]
[SourceQuality "1"]

1. e4 c5 2. Nf3 e6 3. c3 Nf6 4. e5 Nd5 5. d4 cxd4 6. cxd4 b6 7. a3 Bb7 8. Bd3 Be7 9. 0-0 0-0 10. Qe2 Nc6 11. h4 Kh8 12. Nc3 Nxc3 13. bxc3 f5 14. exf6 Bxf6 15. Ng5 Bxg5 16. Bxg5 Qe8 17. Qe4 Qh5 18. g4 Qg6 19. Qxg6 hxg6 20. Bxg6 Rf3 21. Rac1 Na5 22. Rfe1 Rc8 23. Re3 Nc4 24. Rxf3 Bxf3 25. Kh2 Bxg4 26. Kg3 Bf5 27. Bxf5 exf5 28. Kf4 g6 29. Bf6+ Kg8 30. Kg5 Kf7 31. Re1 Nd6 32. Re7+ Kg8 33. Kxg6 Rxc3 34. Rh7 1-0

[Event "Dieren op"]
[Site "Dieren"]
[Date "2008.07.31"]
[Round "9"]
[White "Burg, Brent"]
[Black "Van den Berg, Harmen"]
[Result "1-0"]
[WhiteElo "2055"]
[BlackElo "2195"]
[PlyCount "93"]
[EventDate "2008.07.22"]
[EventType "swiss"]
[EventRounds "9"]
[EventCountry "NED"]
[SourceTitle "CBM 125 Extra"]
[Source "ChessBase"]
[SourceDate "2008.09.01"]
[SourceVersion "1"]
[SourceVersionDate "2008.09.01"]
[SourceQuality "1"]

1. e4 c5 2. Nf3 e6 3. c3 Nf6 4. d3 Nc6 5. Nbd2 b6 6. e5 Nd5 7. g3 Qc7 8. Qe2 Be7 9. Bg2 f6 10. exf6 Nxf6 11. 0-0 0-0 12. Re1 Ba6 13. Ne4 Rae8 14. Bf4 e5 15. Nxf6+ Bxf6 16. Ng5 Bxg5 17. Bxg5 d6 18. Bd5+ Kh8 19. Be4 g6 20. Qg4 Bc8 21. Qh4 Kg8 22. Bf6 Ne7 23. d4 Nf5 24. Qg5 Qf7 25. dxe5 dxe5 26. Bxf5 Bxf5 27. Bxe5 Bh3 28. f4 Qb7 29. Re2 Rf5 30. Qh4 Rexe5 31. fxe5 Qf3 32. Qd8+ Kg7 33. Qd7+ Kh6 34. Qd2+ Kg7 35. Rf2 Qe4 36. Re1 Rxf2 37. Qxf2 Qd5 38. Qe2 Be6 39. b3 Kg8 40. Rd1 Qb7 41. Qf2 Bf5 42. g4 Qe4 43. Rd8+ Kg7 44. gxf5 Qg4+ 45. Kf1 Qh3+ 46. Ke2 Qh5+ 47. Ke1 1-0

[Event "Dieren op"]
[Site "Dieren"]
[Date "2008.07.29"]
[Round "7"]
[White "De Groote, Ewoud"]
[Black "Van den Berg, Harmen"]
[Result "1-0"]
[WhiteElo "2251"]
[BlackElo "2195"]
[PlyCount "67"]
[EventDate "2008.07.22"]
[EventType "swiss"]
[EventRounds "9"]
[EventCountry "NED"]
[SourceTitle "CBM 125 Extra"]
[Source "ChessBase"]
[SourceDate "2008.09.01"]
[SourceVersion "1"]
[SourceVersionDate "2008.09.01"]
[SourceQuality "1"]

1. e4 c5 2. Nf3 e6 3. d4 cxd4 4. Nxd4 Nf6 5. Nc3 d6 6. g4 e5 7. Nf5 h5 8. Bg5 hxg4 9. Nd5 Bxf5 10. Bxf6 gxf6 11. exf5 Nc6 12. c3 Rh6 13. Qxg4 Qa5 14. 0-0-0 0-0-0 15. Bc4 Qc5 16. Ne3 Ne7 17. Bxf7 d5 18. Kb1 Rh8 19. Qf3 e4 20. Be6+ Kc7 21. Qg3+ Kc6 22. Rd4 Bh6 23. Nc2 a5 24. Rhd1 b5 25. b4 Qd6 26. bxa5 Bg5 27. Nb4+ Kc7 28. Nxd5+ Nxd5 29. Rxd5 Qxg3 30. hxg3 Rxd5 31. Bxd5 e3 32. fxe3 Bxe3 33. a6 Kb6 34. Re1 1-0

[Event "Dieren op"]
[Site "Dieren"]
[Date "2008.07.26"]
[Round "5"]
[White "Monteban, Martijn"]
[Black "Van den Berg, Harmen"]
[Result "0-1"]
[WhiteElo "2280"]
[BlackElo "2195"]
[PlyCount "84"]
[EventDate "2008.07.22"]
[EventType "swiss"]
[EventRounds "9"]
[EventCountry "NED"]
[SourceTitle "CBM 125 Extra"]
[Source "ChessBase"]
[SourceDate "2008.09.01"]
[SourceVersion "1"]
[SourceVersionDate "2008.09.01"]
[SourceQuality "1"]

1. Nf3 f5 2. d3 Nf6 3. e4 d6 4. exf5 Bxf5 5. d4 c6 6. Bd3 g6 7. 0-0 Qd7 8. Re1 Na6 9. Ng5 Nc7 10. c3 h6 11. Nf3 0-0-0 12. Na3 g5 13. Nc4 Nfd5 14. Ne3 Bxd3 15. Qxd3 Nf4 16. Qc2 e6 17. g3 Rg8 18. Nc4 Nh3+ 19. Kg2 g4 20. Ng1 Qf7 21. Qe2 Nxg1 22. Kxg1 h5 23. a4 Be7 24. a5 Bg5 25. Bxg5 Rxg5 26. Nd2 a6 27. c4 Rf5 28. Ra3 e5 29. Rd3 Ne6 30. dxe5 Rxe5 31. Qf1 Rf5 32. Ne4 d5 33. cxd5 cxd5 34. Rc3+ Kb8 35. Nc5 Ng5 36. Nxa6+ Ka7 37. Rc7 Nh3+ 38. Kh1 Qf6 39. Nc5 Rxf2 40. Rxb7+ Ka8 41. Rf7 Rxf1+ 42. Rxf1 Qc6 0-1

[Event "Groningen Harmonie op-A"]
[Site "Groningen"]
[Date "2007.12.30"]
[Round "9"]
[White "Van den Berg, Harmen"]
[Black "Hoeksema, Hendrik Pieter"]
[Result "1-0"]
[WhiteElo "2167"]
[BlackElo "2373"]
[PlyCount "55"]
[EventDate "2007.12.21"]
[EventType "swiss"]
[EventRounds "9"]
[EventCountry "NED"]
[SourceTitle "CBM 121 Extra"]
[Source "ChessBase"]
[SourceDate "2008.01.10"]
[SourceVersion "1"]
[SourceVersionDate "2008.01.10"]
[SourceQuality "1"]

1. e4 e6 2. Nf3 d5 3. e5 c5 4. b4 cxb4 5. a3 d4 6. Bb2 Nc6 7. Bb5 Bd7 8. 0-0 bxa3 9. Nxa3 Bc5 10. Nc4 Nh6 11. Nd6+ Bxd6 12. exd6 0-0 13. Re1 Nf5 14. Bd3 Nxd6 15. Nxd4 Qg5 16. Nf3 Qd5 17. Ne5 Be8 18. Ra4 Nf5 19. Rf4 Qd6 20. Qg4 f6 21. Nc4 Qd7 22. Ba3 Rf7 23. Rxf5 exf5 24. Bxf5 Qd4 25. Qh3 g6 26. Be6 Rd8 27. Qh6 Kh8 28. Bb2 1-0

[Event "Dieren op"]
[Site "Dieren"]
[Date "2007.07.30"]
[Round "6"]
[White "Van den Berg, Harmen"]
[Black "Klein, Dominik"]
[Result "1/2-1/2"]
[WhiteElo "2181"]
[BlackElo "1935"]
[PlyCount "58"]
[EventDate "2007.07.24"]
[EventType "swiss"]
[EventRounds "9"]
[EventCountry "NED"]
[SourceTitle "CBM 119 Extra"]
[Source "ChessBase"]
[SourceDate "2007.09.04"]
[SourceVersion "1"]
[SourceVersionDate "2007.09.04"]
[SourceQuality "1"]

1. e4 c5 2. Nf3 d6 3. d4 cxd4 4. Nxd4 Nf6 5. Nc3 a6 6. f4 e5 7. Nf3 Nbd7 8. a4 Be7 9. Bd3 0-0 10. 0-0 Nc5 11. Kh1 exf4 12. Bxf4 Bg4 13. Qd2 Bh5 14. b4 Nxd3 15. cxd3 Rc8 16. Rac1 Re8 17. Bg5 Bxf3 18. gxf3 Nh5 19. Bxe7 Qxe7 20. Nd5 Qh4 21. Rxc8 Rxc8 22. Rg1 Qh3 23. Ne7+ Kf8 24. Nxc8 Qxf3+ 25. Qg2 Ng3+ 26. hxg3 Qh5+ 27. Qh2 Qf3+ 28. Rg2 Qd1+ 29. Qg1 Qh5+ 1/2-1/2

[Event "Dieren op"]
[Site "Dieren"]
[Date "2007.07.27"]
[Round "4"]
[White "Van den Berg, Harmen"]
[Black "Ootes, Lars"]
[Result "0-1"]
[WhiteElo "2181"]
[BlackElo "2064"]
[PlyCount "68"]
[EventDate "2007.07.24"]
[EventType "swiss"]
[EventRounds "9"]
[EventCountry "NED"]
[SourceTitle "CBM 119 Extra"]
[Source "ChessBase"]
[SourceDate "2007.09.04"]
[SourceVersion "1"]
[SourceVersionDate "2007.09.04"]
[SourceQuality "1"]

1. e4 c5 2. Nf3 e6 3. d4 cxd4 4. Nxd4 Nc6 5. Nc3 a6 6. a3 Qc7 7. Nb3 b5 8. Bd3 Bb7 9. 0-0 Nf6 10. f4 d6 11. Kh1 Be7 12. Qf3 0-0 13. Qh3 Rfe8 14. Bd2 b4 15. Ne2 bxa3 16. bxa3 e5 17. Rae1 d5 18. exd5 e4 19. dxc6 exd3 20. cxb7 dxe2 21. Rxe2 Qxb7 22. Na5 Qb2 23. Rfe1 Bf8 24. Rxe8 Rxe8 25. Qc3 Qb5 26. h3 Rxe1+ 27. Bxe1 Qf1+ 28. Kh2 Nd5 29. Qg3 Bc5 30. h4 Nxf4 31. Qf3 Qg1+ 32. Kg3 Qxe1+ 33. Kxf4 Qxa5 34. Qa8+ Bf8 0-1

[Event "Dieren op"]
[Site "Dieren"]
[Date "2007.07.25"]
[Round "2"]
[White "Van den Berg, Harmen"]
[Black "Schenkeveld, Daniel"]
[Result "0-1"]
[WhiteElo "2181"]
[BlackElo "2085"]
[PlyCount "80"]
[EventDate "2007.07.24"]
[EventType "swiss"]
[EventRounds "9"]
[EventCountry "NED"]
[SourceTitle "CBM 119 Extra"]
[Source "ChessBase"]
[SourceDate "2007.09.04"]
[SourceVersion "1"]
[SourceVersionDate "2007.09.04"]
[SourceQuality "1"]

1. e4 c5 2. Nf3 Nc6 3. d4 cxd4 4. Nxd4 Nf6 5. Nc3 e5 6. Ndb5 d6 7. Nd5 Nxd5 8. exd5 Nb8 9. c4 Be7 10. Bd3 0-0 11. 0-0 a6 12. Nc3 f5 13. f3 Bg5 14. Bxg5 Qxg5 15. f4 exf4 16. Qe1 Kh8 17. Ne2 Nd7 18. Nxf4 Ne5 19. Kh1 Bd7 20. Qb4 Qh6 21. Be2 Rae8 22. Qxb7 g5 23. Nd3 Bc8 24. Qb4 f4 25. c5 g4 26. Nxf4 dxc5 27. Qa4 Bd7 28. Qxa6 Rf6 29. Ne6 g3 30. h3 Rfxe6 31. dxe6 Bc6 32. Bg4 Bxg2+ 33. Kxg2 Nxg4 34. hxg4 Qh2+ 35. Kf3 g2 36. Rg1 Rf8+ 37. Ke2 Qe5+ 38. Kd3 Qd4+ 39. Kc2 Rf2+ 40. Kb3 Rxb2+ 0-1

[Event "Dieren op"]
[Site "Dieren"]
[Date "2006.07.29"]
[Round "5"]
[White "Van den Berg, Harmen"]
[Black "Barua, Dibyendu"]
[Result "0-1"]
[WhiteElo "2180"]
[BlackElo "2453"]
[PlyCount "122"]
[EventDate "2006.07.25"]
[EventType "swiss"]
[EventRounds "9"]
[EventCountry "NED"]
[SourceTitle "CBM 113 Extra"]
[Source "ChessBase"]
[SourceDate "2006.09.14"]
[SourceVersion "1"]
[SourceVersionDate "2006.09.14"]
[SourceQuality "1"]

1. e4 e6 2. Nf3 d5 3. e5 b6 4. c3 a5 5. d4 Ba6 6. Bxa6 Nxa6 7. Ng5 h6 8. Qh5 g6 9. Qh3 Bg7 10. Nf3 Ne7 11. 0-0 Qd7 12. Na3 c5 13. Bd2 cxd4 14. cxd4 Rc8 15. Rfc1 Rxc1+ 16. Rxc1 Nb4 17. Nc2 Nd3 18. Rb1 Qa4 19. Nfe1 Nxe1 20. Nxe1 Qxa2 21. Rc1 Qxb2 22. Qd3 0-0 23. Rb1 Qa2 24. Rxb6 Rc8 25. g3 a4 26. Bb4 Nf5 27. Qa6 Qc4 28. Bc5 Qxa6 29. Rxa6 Bxe5 30. Nf3 Bf6 31. Rxa4 Ne7 32. Ra7 Nc6 33. Ra6 g5 34. g4 Ne7 35. Ra7 Ng6 36. Kf1 Nf4 37. Ra1 Nd3 38. Bd6 Rc2 39. Bg3 Kg7 40. Rd1 Nb2 41. Re1 Nc4 42. Kg2 Nd2 43. Rd1 Ne4 44. Ne1 Ra2 45. Nf3 Kg6 46. h3 h5 47. Rf1 Rc2 48. Bb8 h4 49. Ba7 Kg7 50. Bb8 Be7 51. Be5+ f6 52. Bb8 Bb4 53. Bh2 Ba5 54. Bb8 Bb6 55. Bh2 Kg6 56. Bb8 e5 57. dxe5 Bxf2 58. exf6 Ba7+ 59. Kh1 Bxb8 60. f7 Ng3+ 61. Kg1 Ba7+ 0-1

[Event "Hengelo U20 op"]
[Site "Hengelo"]
[Date "2005.08.12"]
[Round "7"]
[White "Van den Berg, Harmen"]
[Black "Rietman, Frits"]
[Result "1-0"]
[WhiteElo "2157"]
[BlackElo "2184"]
[PlyCount "53"]
[EventDate "2005.08.??"]
[EventType "swiss"]
[EventRounds "9"]
[EventCountry "NED"]
[SourceTitle "CBM 107 Extra"]
[Source "ChessBase"]
[SourceDate "2005.09.01"]
[SourceVersion "1"]
[SourceVersionDate "2005.09.01"]
[SourceQuality "1"]

1. e4 c5 2. Nf3 d6 3. d4 cxd4 4. Nxd4 Nf6 5. Nc3 a6 6. f4 e6 7. Qf3 Qb6 8. Nb3 Qc7 9. Bd3 b5 10. a3 Nbd7 11. 0-0 Bb7 12. Bd2 Nc5 13. Rae1 Be7 14. Kh1 g6 15. Qh3 Nfd7 16. Nxc5 dxc5 17. f5 c4 18. fxe6 fxe6 19. Qxe6 cxd3 20. Nd5 Bxd5 21. exd5 Nc5 22. Qf7+ Kd8 23. Ba5 Qxa5 24. Qxe7+ Kc8 25. Rf8+ Rxf8 26. Qxf8+ Kb7 27. Re7+ 1-0

[Event "Hengelo U20 op"]
[Site "Hengelo"]
[Date "2005.08.09"]
[Round "2"]
[White "Terstall, Karel"]
[Black "Van den Berg, Harmen"]
[Result "0-1"]
[WhiteElo "2178"]
[BlackElo "2157"]
[PlyCount "38"]
[EventDate "2005.08.??"]
[EventType "swiss"]
[EventRounds "9"]
[EventCountry "NED"]
[SourceTitle "CBM 107 Extra"]
[Source "ChessBase"]
[SourceDate "2005.09.01"]
[SourceVersion "1"]
[SourceVersionDate "2005.09.01"]
[SourceQuality "1"]

1. d4 Nf6 2. Nf3 c5 3. c4 cxd4 4. Nxd4 e5 5. Nb5 d5 6. cxd5 Bc5 7. Bg5 Ne4 8. Be3 Bxe3 9. fxe3 0-0 10. g3 Qf6 11. Qb3 Na6 12. Nd2 Qf2+ 13. Kd1 Bf5 14. Nc3 Nxc3+ 15. bxc3 Nc5 16. Qb4 Rfc8 17. e4 a5 18. Qb1 Na4 19. Qb3 Nxc3+ 0-1

[Event "Dieren op"]
[Site "Dieren"]
[Date "2004.08.05"]
[Round "9"]
[White "Vedder, Richard"]
[Black "Van den Berg, Harmen"]
[Result "0-1"]
[WhiteElo "2238"]
[BlackElo "2117"]
[PlyCount "148"]
[EventDate "2004.07.27"]
[EventType "swiss"]
[EventRounds "9"]
[EventCountry "NED"]
[SourceTitle "CBM 101 Extra"]
[Source "ChessBase"]
[SourceDate "2004.09.01"]
[SourceVersion "2"]
[SourceVersionDate "2004.09.01"]
[SourceQuality "1"]

1. e4 c5 2. Nf3 e6 3. d4 cxd4 4. Nxd4 Nf6 5. Nc3 d6 6. g3 Nc6 7. Bg2 a6 8. 0-0 Bd7 9. Kh1 Qc7 10. f4 Rd8 11. Nxc6 Bxc6 12. Qe2 b5 13. a3 Qb7 14. b4 Nd7 15. Nd5 Be7 16. Nxe7 Kxe7 17. Bb2 f6 18. Bd4 Rhe8 19. Rae1 Kf7 20. g4 Kg8 21. Rf3 e5 22. fxe5 Nxe5 23. Bxe5 Rxe5 24. Re3 Rde8 25. c4 Kf8 26. Qd3 Qe7 27. Kg1 bxc4 28. Qxc4 Bb7 29. a4 d5 30. Qb3 d4 31. R3e2 Rd8 32. Qc4 Qd7 33. Rd2 d3 34. Re3 Qd4 35. Qxd4 Rxd4 36. Rexd3 Rxb4 37. Rd8+ Kf7 38. R2d7+ Re7 39. Rd4 Rb2 40. Bf1 Rb1 41. Kf2 Ra1 42. Bc4+ Kg6 43. Bd5 Rc7 44. Rb4 Bc6 45. Rc4 Rd7 46. Rxd7 Bxd7 47. Bc6 Bxc6 48. Rxc6 Rxa4 49. Kf3 Ra5 50. Kf4 h5 51. h3 h4 52. e5 Ra4+ 53. Kf3 Ra3+ 54. Kf4 a5 55. Ra6 Ra1 56. exf6 gxf6 57. Ra8 a4 58. Kf3 Ra3+ 59. Kf2 Rxh3 60. Rxa4 Rg3 61. Ra8 Rxg4 62. Ra3 Kg5 63. Rb3 f5 64. Ra3 Kh5 65. Ra8 Rg6 66. Ra3 Kg4 67. Kg2 Rb6 68. Rc3 h3+ 69. Kh2 Rb2+ 70. Kg1 f4 71. Kh1 f3 72. Rc8 f2 73. Rg8+ Kh5 74. Rh8+ Kg6 0-1

[Event "Dieren op"]
[Site "Dieren"]
[Date "2004.07.29"]
[Round "3"]
[White "Etmans, Maarten D"]
[Black "Van den Berg, Harmen"]
[Result "0-1"]
[WhiteElo "2213"]
[BlackElo "2117"]
[PlyCount "80"]
[EventDate "2004.07.27"]
[EventType "swiss"]
[EventRounds "9"]
[EventCountry "NED"]
[SourceTitle "CBM 101 Extra"]
[Source "ChessBase"]
[SourceDate "2004.09.01"]
[SourceVersion "2"]
[SourceVersionDate "2004.09.01"]
[SourceQuality "1"]

1. g3 Nf6 2. Bg2 c5 3. c4 d5 4. cxd5 Nxd5 5. Nc3 Nc7 6. Nf3 Nc6 7. 0-0 e5 8. d3 Be7 9. Be3 Ne6 10. Rc1 f6 11. Na4 Ncd4 12. Bxd4 cxd4 13. Nd2 Rb8 14. Nb3 b6 15. Bc6+ Bd7 16. e3 Bxc6 17. Rxc6 Qd7 18. Qf3 Ng5 19. Qg2 dxe3 20. fxe3 e4 21. Nd4 Nf3+ 22. Rxf3 exf3 23. Qxf3 0-0 24. Nc3 Bc5 25. Nce2 Rbc8 26. Rxc8 Rxc8 27. Kg2 a5 28. h4 Re8 29. h5 Kf7 30. b3 Re5 31. g4 g6 32. hxg6+ hxg6 33. Kf2 Rg5 34. Qh1 Kg7 35. Qe4 Kf7 36. Qh1 Kg8 37. Qa8+ Bf8 38. Nf4 Qxg4 39. Nde6 Qg1+ 40. Ke2 Qh2+ 0-1

[Event "Dieren op"]
[Site "Dieren"]
[Date "2004.07.27"]
[Round "1"]
[White "Van den Berg, Harmen"]
[Black "Lahaye, Rick"]
[Result "0-1"]
[WhiteElo "2117"]
[BlackElo "2306"]
[PlyCount "124"]
[EventDate "2004.07.27"]
[EventType "swiss"]
[EventRounds "9"]
[EventCountry "NED"]
[SourceTitle "CBM 101 Extra"]
[Source "ChessBase"]
[SourceDate "2004.09.01"]
[SourceVersion "2"]
[SourceVersionDate "2004.09.01"]
[SourceQuality "1"]

1. e4 c5 2. Nf3 d6 3. d4 cxd4 4. Nxd4 Nf6 5. Nc3 a6 6. Be3 e5 7. Nb3 Be6 8. f3 h5 9. Qd2 Be7 10. 0-0-0 Nbd7 11. Kb1 Rc8 12. h4 b5 13. Qf2 Bc4 14. g3 Qc7 15. Bh3 b4 16. Nd5 Bxd5 17. exd5 a5 18. Bxd7+ Nxd7 19. Rhe1 a4 20. Nc1 0-0 21. Nd3 Qb7 22. g4 b3 23. cxb3 axb3 24. a3 hxg4 25. Nb4 f5 26. fxg4 f4 27. Bd2 Nc5 28. g5 Qd7 29. Bc3 f3 30. Ka1 Rf4 31. Nc6 Rxc6 32. dxc6 Qxc6 33. Qe3 f2 34. Rf1 Ne4 35. Bb4 Qc4 36. Rc1 Qe6 37. Rc7 Bf8 38. h5 Rh4 39. h6 gxh6 40. gxh6 Bxh6 41. Qd3 Bg7 42. Rc4 d5 43. Rc7 Rh3 44. Qb5 Re3 45. Qb8+ Kh7 46. Qf8 Qf6 47. Rh1+ Kg6 48. Qe8+ Kf5 49. Rf7 Rg3 50. Qd7+ Kf4 51. Rxf6+ Bxf6 52. Rf1 Rg1 53. Qb5 Ng3 54. Bd2+ Ke4 55. Qa4+ Kf3 56. Qxb3+ Kg2 57. Rxg1+ fxg1Q+ 58. Ka2 Qc5 59. Qd1 Qc4+ 60. Ka1 Qd3 61. Qc1 e4 62. Be1 Qxa3+ 0-1

[Event "Leeuwarden-ch"]
[Site "Leeuwarden"]
[Date "2004.07.03"]
[Round "3"]
[White "Van den Berg, Harmen"]
[Black "Boersma, Jan"]
[Result "1-0"]
[WhiteElo "2134"]
[BlackElo "2223"]
[PlyCount "41"]
[EventDate "2004.07.01"]
[EventType "tourn"]
[EventRounds "7"]
[EventCountry "NED"]
[SourceTitle "CBM 101 Extra"]
[Source "ChessBase"]
[SourceDate "2004.09.01"]
[SourceVersion "2"]
[SourceVersionDate "2004.09.01"]
[SourceQuality "1"]

1. e4 e6 2. d4 d5 3. Nc3 Nf6 4. e5 Nfd7 5. f4 c5 6. Nf3 Nc6 7. Ne2 f5 8. c3 Be7 9. Be3 b6 10. Qa4 Qc7 11. c4 0-0 12. cxd5 exd5 13. Nc3 Nb4 14. a3 cxd4 15. Bxd4 Nc5 16. Bxc5 Qxc5 17. axb4 Qe3+ 18. Be2 Rd8 19. Qc6 d4 20. Nd5 Bd7 21. Qxa8 1-0